000 00272nam a22001217a 4500
008 171101b xxu||||| |||| 00| 0 eng d
041 _aAKB
080 _a339.9
100 _a59
101 _aGLO
245 _aINTEGRIMET EKONOMIKE EVROPIANE
_cLIMANI.M
942 _2udc
_cBK
999 _c37120
_d37120